000 00758 a2200241 4500
001 sjds
003 sjds
005 20240227195018.0
008 240227b |||||||| |||| 00| 0 spa d
020 _a9780545403887 (pbk.)
020 _a054540388X (pbk.)
040 _csjds
041 _aspa
100 1 0 _aCapucilli, Alyssa Satin
245 1 0 _aBizcocho sale a pasear /
_chistoria de Alyssa Satin Capucilli ; dibujos de Pat Schories ; [translated by Madelca Dominguez].
260 _a New York :
_bScholastic,
_cc2012.
300 _a24 pages :
_bcolor illustrations ;
_c24 cm.
440 _aYo se leer!
500 _aOriginally published in English as Biscuit takes a walk.
700 1 0 _aSchories, Pat
700 1 0 _aDominguez, Madelca
942 _cBK
999 _c10515
_d10515